000 00867nam a2200217Ia 4500
999 _c39328
_d39328
001 5914
003 GE_BSU
005 20190821095959.0
008 181216s1938||||ge |||||||||||||| ||geo||
040 _cGE_BSU
041 _ageo
080 _a821.353.1-1 ა-13
100 _aაბაშიძე, გრიგოლ
_91383
245 _aშავი ქალაქის გაზაფხული :
_bპოემა /
_cგრიგოლ აბაშიძე ; რედ. რ. გვეტაძე.
264 _aთბილისი :
_bფედერაციას გამ-ბა და სტ ;
_c1938.
300 _a73 გვ.;
_c15 სმ.
653 _aპოემა
653 _aშავი ქალაქის გაზაფხული
700 _aგვეტაძე, რ.
_eრედაქტორი
_93715
942 _cBK
_2udc